| 000 | 00446nam a2200157 i 4500 | ||
|---|---|---|---|
| 001 | bg | ||
| 100 | 1 | _aMACHCZYŃSKI, Wojciech | |
| 245 | 0 |
_aZadania z elektrotechniki teoretycznej : _bpodstawy elektromagnetyzmu / _cW. Machczyński, J. Poltz, E. Tarasiewicz. |
|
| 260 |
_aPoznań, _c1986. |
||
| 700 | 1 | _aPOLTZ, Juliusz | |
| 700 | 1 | _aTARASIEWICZ, Ewa | |
| 040 | _cBPK | ||
| 041 | _apol | ||
| 942 | _cKS | ||
| 008 | s pl f |000 0 pol | ||
| 999 |
_c3144 _d3144 |
||
| 856 |
_uhttp://koha.tu.koszalin.pl/cgi-bin/koha/opac-detail.pl?biblionumber=3144 _yKatalog online BPK |
||